現在の滋賀県米原市内における米原の読み方サドンデス - Statistics

General Stats
  • This quiz has been taken 14 times
  • The average score is 4 of 6
Answers on the Grid
Answers color-coded by a green-red scale on the quiz's grid according to % correct below.
米原市
米原駅
米原町(市制施行前)
米原JCT
米原高校
米原中学校
米原小学校
米原(大字)
米原IC
米原本線料金所
米原郵便局
 
Answer Stats
Answer % Correct
米原駅
100%
米原市
92%
米原郵便局
83%
米原高校
58%
米原中学校
50%
米原小学校
50%
No matching quizzes found
Score Distribution
Percent of People with Each Score
Percentile by Number Answered
Your Score History
You have not taken this quiz